<?xml version="1.0" encoding="UTF-8"?>
<record
    xmlns:xsi="http://www.w3.org/2001/XMLSchema-instance"
    xsi:schemaLocation="http://www.loc.gov/MARC21/slim http://www.loc.gov/standards/marcxml/schema/MARC21slim.xsd"
    xmlns="http://www.loc.gov/MARC21/slim">

  <leader>01672cam a2200325 a 4500</leader>
  <controlfield tag="003">EG-GiCUC</controlfield>
  <controlfield tag="005">20250223030921.0</controlfield>
  <controlfield tag="008">131230s2013    ua     f m    000 0 eng d</controlfield>
  <datafield tag="040" ind1=" " ind2=" ">
    <subfield code="a">EG-GiCUC</subfield>
    <subfield code="b">eng</subfield>
    <subfield code="c">EG-GiCUC</subfield>
  </datafield>
  <datafield tag="041" ind1="0" ind2=" ">
    <subfield code="a">eng</subfield>
  </datafield>
  <datafield tag="049" ind1=" " ind2=" ">
    <subfield code="a">Deposite</subfield>
  </datafield>
  <datafield tag="097" ind1=" " ind2=" ">
    <subfield code="a">M.Sc</subfield>
  </datafield>
  <datafield tag="099" ind1=" " ind2=" ">
    <subfield code="a">Cai01.12.09.M.Sc.2013.Ho.S</subfield>
  </datafield>
  <datafield tag="100" ind1="0" ind2=" ">
    <subfield code="a">Hosam Hasan Abdelhady Ibrahim</subfield>
  </datafield>
  <datafield tag="245" ind1="1" ind2="0">
    <subfield code="a">Synthesis and characterization of novel spin transition Fe({u2161}) complexes of some new triazoles / </subfield>
    <subfield code="c">Hosam Hasan abdelhady Ibrahim ; Supervised Ahmed Soliman Abdellah</subfield>
  </datafield>
  <datafield tag="246" ind1="1" ind2="5">
    <subfield code="a">&#x62A;&#x62D;&#x636;&#x64A;&#x631; &#x648; &#x62A;&#x648;&#x635;&#x64A;&#x641; &#x645;&#x62A;&#x631;&#x627;&#x643;&#x628;&#x627;&#x62A; &#x62C;&#x62F;&#x64A;&#x62F;&#x629; &#x644;&#x644;&#x62D;&#x62F;&#x64A;&#x62F; &#x627;&#x644;&#x62B;&#x646;&#x627;&#x626;&#x649; &#x630;&#x627;&#x62A; &#x625;&#x646;&#x62A;&#x642;&#x627;&#x644; &#x645;&#x63A;&#x646;&#x627;&#x637;&#x64A;&#x633;&#x649; &#x645;&#x63A;&#x632;&#x644;&#x649; &#x645;&#x639; &#x628;&#x639;&#x636; &#x627;&#x644;&#x62A;&#x631;&#x64A;&#x627;&#x632;&#x648;&#x644;&#x627;&#x62A; &#x627;&#x644;&#x62C;&#x62F;&#x64A;&#x62F;&#x629;</subfield>
  </datafield>
  <datafield tag="260" ind1=" " ind2=" ">
    <subfield code="a">Cairo : </subfield>
    <subfield code="b">Hosam Hasan abdelhady Ibrahim , </subfield>
    <subfield code="c">2013</subfield>
  </datafield>
  <datafield tag="300" ind1=" " ind2=" ">
    <subfield code="a">160 P. ; </subfield>
    <subfield code="c">25cm</subfield>
  </datafield>
  <datafield tag="502" ind1=" " ind2=" ">
    <subfield code="a">Thesis (M.Sc.) - Cairo University - Faculty of Science - Department of Inorganic Chemistry</subfield>
  </datafield>
  <datafield tag="520" ind1=" " ind2=" ">
    <subfield code="a">The new ligands 4-cyclopropy{u2160}-{u2160},2,4-triazole (4-C&#x2083;trz), 1-cyclopropy{u2160}-1,2,4-triazole (1-C&#x2083;trz) and 1-cyclohexy{u2160}-1,2,4-triazole (1-C&#x2086;trz) have been synthesised and used as a potential ligand for preparing a novel series of Fe({u2161}) SCO compounds. The new complexes were characterized by IR-spectroscopy, elemental analyses, mass spectrometry and thermal analysis</subfield>
  </datafield>
  <datafield tag="530" ind1=" " ind2=" ">
    <subfield code="a">Issued also as CD</subfield>
  </datafield>
  <datafield tag="653" ind1=" " ind2="4">
    <subfield code="a">Cyclohexyltriazole</subfield>
  </datafield>
  <datafield tag="653" ind1=" " ind2="4">
    <subfield code="a">Cyclopropyltriazole</subfield>
  </datafield>
  <datafield tag="653" ind1=" " ind2="4">
    <subfield code="a">Iron ({u2161})</subfield>
  </datafield>
  <datafield tag="700" ind1="0" ind2=" ">
    <subfield code="a">Ahmed Soliman Abdellah , </subfield>
    <subfield code="e">Supervisor</subfield>
  </datafield>
  <datafield tag="856" ind1=" " ind2=" ">
    <subfield code="u">http://172.23.153.220/th.pdf</subfield>
  </datafield>
  <datafield tag="905" ind1=" " ind2=" ">
    <subfield code="a">Nazla</subfield>
    <subfield code="e">Revisor</subfield>
  </datafield>
  <datafield tag="905" ind1=" " ind2=" ">
    <subfield code="a">Samia</subfield>
    <subfield code="e">Cataloger</subfield>
  </datafield>
  <datafield tag="942" ind1=" " ind2=" ">
    <subfield code="2">ddc</subfield>
    <subfield code="c">TH</subfield>
  </datafield>
  <datafield tag="999" ind1=" " ind2=" ">
    <subfield code="c">44652</subfield>
    <subfield code="d">44652</subfield>
  </datafield>
  <datafield tag="952" ind1=" " ind2=" ">
    <subfield code="2">ddc</subfield>
    <subfield code="7">0</subfield>
    <subfield code="a">CUCL</subfield>
    <subfield code="b">cl210</subfield>
    <subfield code="d">2024-02-11</subfield>
    <subfield code="o">Cai01.12.09.M.Sc.2013.Ho.S</subfield>
    <subfield code="p">01010110061671000</subfield>
    <subfield code="r">2023-09-22 00:00:00</subfield>
    <subfield code="y">TH</subfield>
  </datafield>
  <datafield tag="952" ind1=" " ind2=" ">
    <subfield code="2">ddc</subfield>
    <subfield code="7">0</subfield>
    <subfield code="a">CUCL</subfield>
    <subfield code="b">cl2u8</subfield>
    <subfield code="d">2024-02-11</subfield>
    <subfield code="o">Cai01.12.09.M.Sc.2013.Ho.S</subfield>
    <subfield code="p">01020110061671000</subfield>
    <subfield code="r">2023-09-22 00:00:00</subfield>
    <subfield code="t">61671.CD</subfield>
    <subfield code="y">CD</subfield>
  </datafield>
</record>
